000 00801nam a22001817a 4500
003 OSt
005 20260415144458.0
008 260415b |||||||| |||| 00| 0 eng d
040 _c0
082 _aDPer 796.07 St822 September-December 2015 v.28 n.5-6 January-October 2016 v.29 n.1-5
100 _aRobelee, Margaret E.
_eauthor.
_970597
245 _aWhat is the PE Password Incorporating Vocabulary in Your Elementary PE Program
_cMargaret E. Robelee.
260 _aAnnapolis Junction, Maryland, U.S.A. :
_bSHAPE America (Society of Health and Physical Educators) ;
_cJanuary/February 2016.
300 _avolume 29, pages 50-52 :
_billustration ;
_c27cm.
500 _aStrategy, vol. 29, no.3, pages 50-52, January-February 2016.
700 _aRobelee, Margaret E.
_eauthor.
_970597
942 _2ddc
_cPER
999 _c24609
_d24609